000 01059cam a2200217 4500500
005 20260222003322.0
041 _afre
042 _adc
100 1 0 _aLesenne, Philippe
_eauthor
245 0 0 _aPourquoi le social a besoin de Magritte
260 _c2015.
500 _a4
520 _aMagritte est celui qui révèle que « de ce que nous voyons, nous n’en avons qu’une représentation en nous-mêmes ». L’ambiguïté du maître à se jouer du réel et du paradoxe est une porte ouverte, suspendue dans la nature, au service de ce qui a sans cesse lieu dans nos pratiques professionnelles. Voir la pomme au milieu de la face de l’autre sera le prétexte à interroger nos représentations dans le pépin de nos relations à l’autre.
690 _adévoilement
690 _aMagritte
690 _apomme et paradoxe
690 _areprésentations
690 _asocial
786 0 _nEmpan | 98 | 2 | 2015-05-29 | p. 129-133 | 1152-3336
856 4 1 _uhttps://shs.cairn.info/revue-empan-2015-2-page-129?lang=fr&redirect-ssocas=7080
999 _c1667409
_d1667409